Dictionary of economics and commerce (Record no. 1117)

MARC details
000 -LEADER
fixed length control field 00501cam a2200193ua 4500
008 - FIXED-LENGTH DATA ELEMENTS--GENERAL INFORMATION
fixed length control field 110616n ii |||gr||||Z||||||eng
040 ## - CATALOGING SOURCE
Transcribing agency MAIN
082 ## - DEWEY DECIMAL CLASSIFICATION NUMBER
Classification number 330.03
245 10 - TITLE STATEMENT
Title Dictionary of economics and commerce
Statement of responsibility, etc. by G.C. Pande
250 ## - EDITION STATEMENT
Edition statement 2nd rev. ed.
260 ## - PUBLICATION, DISTRIBUTION, ETC.
Place of publication, distribution, etc. New Delhi:
Name of publisher, distributor, etc. Anmol publications,996.
300 ## - PHYSICAL DESCRIPTION
Extent 259:5cm.
700 1# - ADDED ENTRY--PERSONAL NAME
Personal name Pande, G.C.,
Relator term
700 1# - ADDED ENTRY--PERSONAL NAME
Personal name Chopra, R.,
942 ## - ADDED ENTRY ELEMENTS (KOHA)
Koha item type Books
653 ## - INDEX TERM--UNCONTROLLED
Uncontrolled term Economics dictionary
653 ## - INDEX TERM--UNCONTROLLED
Uncontrolled term Dictionary of economics
Holdings
Withdrawn status Lost status Damaged status Not for loan Home library Current library Shelving location Date acquired Total Checkouts Full call number Barcode Date last seen Copy number Price effective from Koha item type
        Central Library, Naharkatiya College Central Library, Naharkatiya College   19/09/2020   330.03 | PAN 2208 19/09/2020 1 19/09/2020 Books

Naharkatiya College © 2020. All rights reserved.

Powered By